Capoluoghi che iniziano con la R - Statistics

Statistiche generali
  • Questo quiz è stato fatto 93 volte
  • Il punteggio medio è 8 su 8
Statistiche sulle risposte
Popolazione (ab.) Regione Capoluogo % Corretto
73 405 Sicilia Ragusa
99%
171 057 Emilia-Romagna Ravenna
96%
150 292 Emilia-Romagna Rimini
96%
2 863 970 Lazio Roma
96%
51 008 Veneto Rovigo
95%
180 841 Calabria Reggio Calabria
93%
47 405 Lazio Rieti
92%
172 245 Emilia-Romagna Reggio Emilia
89%
Nessun quiz corrispondente trovato
Distribuzione punteggi
Percentuale di utenti per punteggio
Percentile per numero di risposta
I tuoi punteggi nel tempo
Non hai fatto questo quiz